000 00326nam a22001457a 4500
999 _c162305
_d162305
082 _a
_b
100 _aSharma J D
245 _aA handbook of classical myths and legends/
_cby Sharma J D.
260 _aNew Delhi:
_bRadhakrishna,
_c1990.
300 _a126p.
600 _a
650 _a
700 _a
942 _cBK